000
00315nam a2200133Ia 4500
008
200103s9999||||xx |||||||||||||| ||und||
040
_a
IMU-MPC
082
_a
Column-62
100
_a
Harrop, P. F.
245
0
_a
Exercises in Engineering Drawing
260
_b
Macmillan, London
_c
1952
300
_a
64
942
_c
BK
999
_c
11181
_d
11181